| 000 | 00422nam a2200145 i 4500 | ||
|---|---|---|---|
| 001 | 149418 | ||
| 003 | ES-MaACL | ||
| 005 | 20230906203108.0 | ||
| 007 | t| | ||
| 008 | 071022s1918 sp ||||1| spa d | ||
| 100 | 1 |
_aVarela Hervías, Eulogio. _9113159 |
|
| 245 | 1 | 0 |
_aCerámica ibérica de el Tolmo de Minateda (Albacete) / _cEulogio Varela Hervías. |
| 260 |
_aMadrid : _b[s.n.], _c1918. |
||
| 852 |
_aES-MaACL _j1521-F-10 |
||
| 999 |
_c149418 _d149418 |
||